[Event "DEM U10 2023"]
[Site "Willingen GER"]
[Date "2023.06.02"]
[Round "9"]
[White "Li, Yunqi"]
[Black "Tarasenko, Nazar"]
[Result "1-0"]
[Termination "normal"]
[Board "1"]
[WhiteElo "1609"]
[BlackElo "1970"]
[WhiteClock "00:22:30"]
[BlackClock "00:41:06"]
[PlyCount "59"]
[WhiteFideId "34610618"]
[BlackFideId "34161430"]
[EventCountry "GER"]
[EventRounds "11"]
[EventType "swiss"]
[EventDate "2023.05.27"]

1. e4 {[%clk 01:15:57]} {[%emt 00:00:02]} c5 {[%clk 01:15:51]} {[%emt
00:00:10]} 2. Nf3 {[%clk 01:16:13]} {[%emt 00:00:14]} d6 {[%clk 01:16:04]}
{[%emt 00:00:18]} 3. d4 {[%clk 01:16:35]} {[%emt 00:00:07]} cxd4 {[%clk
01:16:30]} {[%emt 00:00:04]} 4. Nxd4 {[%clk 01:16:56]} {[%emt 00:00:09]} Nf6
{[%clk 01:16:55]} {[%emt 00:00:05]} 5. Nc3 {[%clk 01:17:05]} {[%emt 00:00:21]}
a6 {[%clk 01:17:19]} {[%emt 00:00:07]} 6. Be2 {[%clk 01:17:25]} {[%emt
00:00:09]} e5 {[%clk 01:16:22]} {[%emt 00:01:28]} 7. Nb3 {[%clk 01:17:45]}
{[%emt 00:00:10]} Be7 {[%clk 01:15:49]} {[%emt 00:01:02]} 8. O-O {[%clk
01:18:02]} {[%emt 00:00:13]} O-O {[%clk 01:15:59]} {[%emt 00:00:21]} 9. Be3
{[%clk 01:18:10]} {[%emt 00:00:21]} b5 {[%clk 01:15:36]} {[%emt 00:00:53]} 10.
Nd5 {[%clk 01:11:44]} {[%emt 00:06:56]} Nbd7 {[%clk 01:14:28]} {[%emt
00:01:37]} 11. Nxe7+ {[%clk 01:05:52]} {[%emt 00:06:22]} Qxe7 {[%clk 01:14:46]}
{[%emt 00:00:13]} 12. f3 {[%clk 01:04:47]} {[%emt 00:01:36]} Bb7 {[%clk
01:13:22]} {[%emt 00:01:53]} 13. Na5 {[%clk 01:03:31]} {[%emt 00:01:46]} Rfb8
{[%clk 01:10:56]} {[%emt 00:02:56]} 14. Nxb7 {[%clk 00:55:51]} {[%emt
00:08:10]} Rxb7 {[%clk 01:11:17]} {[%emt 00:00:09]} 15. b3 {[%clk 00:54:33]}
{[%emt 00:01:48]} Nb6 {[%clk 01:08:44]} {[%emt 00:03:04]} 16. a4 {[%clk
00:50:37]} {[%emt 00:04:25]} bxa4 {[%clk 01:08:40]} {[%emt 00:00:34]} 17. Bxb6
{[%clk 00:50:49]} {[%emt 00:00:18]} Rxb6 {[%clk 01:09:02]} {[%emt 00:00:08]}
18. Rxa4 {[%clk 00:51:13]} {[%emt 00:00:06]} d5 {[%clk 01:07:03]} {[%emt
00:02:29]} 19. exd5 {[%clk 00:45:00]} {[%emt 00:06:43]} Qc5+ {[%clk 01:07:20]}
{[%emt 00:00:13]} 20. Kh1 {[%clk 00:44:07]} {[%emt 00:01:22]} Nxd5 {[%clk
01:06:55]} {[%emt 00:00:56]} 21. Qd3 {[%clk 00:39:56]} {[%emt 00:04:41]} Rd6
{[%clk 01:05:53]} {[%emt 00:01:32]} 22. Qe4 {[%clk 00:35:28]} {[%emt 00:04:58]}
g6 {[%clk 00:51:47]} {[%emt 00:14:34]} 23. Rfa1 {[%clk 00:26:10]} {[%emt
00:09:49]} Rc8 {[%clk 00:46:08]} {[%emt 00:06:06]} 24. Rc4 {[%clk 00:24:38]}
{[%emt 00:02:06]} Nf6 {[%clk 00:42:15]} {[%emt 00:04:23]} 25. Rxc5 {[%clk
00:24:58]} {[%emt 00:00:11]} Rxc5 {[%clk 00:42:38]} {[%emt 00:00:06]} 26. Qb4
{[%clk 00:23:55]} {[%emt 00:01:33]} Rcd5 {[%clk 00:42:18]} {[%emt 00:00:50]}
27. Bd3 {[%clk 00:24:02]} {[%emt 00:00:23]} Rd4 {[%clk 00:42:25]} {[%emt
00:00:23]} 28. Qc5 {[%clk 00:22:51]} {[%emt 00:01:40]} e4 {[%clk 00:41:55]}
{[%emt 00:01:01]} 29. fxe4 {[%clk 00:22:07]} {[%emt 00:01:14]} Ng4 {[%clk
00:41:06]} {[%emt 00:01:18]} 30. Qc8+ {[%clk 00:22:30]} {[%emt 00:00:08]} 1-0

[Event "DEM U10 2023"]
[Site "Willingen GER"]
[Date "2023.06.02"]
[Round "9"]
[White "Andersen, Jonathan"]
[Black "Fadeev, Justin Michael"]
[Result "0-1"]
[Termination "normal"]
[Board "2"]
[WhiteElo "1494"]
[BlackElo "1470"]
[WhiteClock "00:05:19"]
[BlackClock "00:08:07"]
[PlyCount "121"]
[WhiteFideId "34623884"]
[BlackFideId "34602968"]
[EventCountry "GER"]
[EventRounds "11"]
[EventType "swiss"]
[EventDate "2023.05.27"]

1. e4 {[%clk 01:15:58]} {[%emt 00:00:01]} c5 {[%clk 01:15:36]} {[%emt
00:00:24]} 2. Nf3 {[%clk 01:16:22]} {[%emt 00:00:05]} Nc6 {[%clk 01:15:57]}
{[%emt 00:00:10]} 3. d4 {[%clk 01:16:46]} {[%emt 00:00:06]} cxd4 {[%clk
01:16:23]} {[%emt 00:00:04]} 4. Nxd4 {[%clk 01:17:11]} {[%emt 00:00:05]} g6
{[%clk 01:16:51]} {[%emt 00:00:03]} 5. c4 {[%clk 01:17:29]} {[%emt 00:00:10]}
Bg7 {[%clk 01:17:17]} {[%emt 00:00:04]} 6. Nc2 {[%clk 01:17:52]} {[%emt
00:00:07]} Nf6 {[%clk 01:15:10]} {[%emt 00:02:37]} 7. Nc3 {[%clk 01:18:15]}
{[%emt 00:00:07]} O-O {[%clk 01:14:40]} {[%emt 00:01:00]} 8. Be2 {[%clk
01:18:27]} {[%emt 00:00:18]} d6 {[%clk 01:14:08]} {[%emt 00:01:02]} 9. O-O
{[%clk 01:18:50]} {[%emt 00:00:07]} Bd7 {[%clk 01:13:32]} {[%emt 00:01:06]} 10.
Bd2 {[%clk 01:17:53]} {[%emt 00:01:28]} Rc8 {[%clk 01:11:28]} {[%emt 00:02:34]}
11. f4 {[%clk 01:16:57]} {[%emt 00:01:25]} a5 {[%clk 01:08:33]} {[%emt
00:03:26]} 12. a3 {[%clk 01:15:28]} {[%emt 00:01:59]} Ra8 {[%clk 01:05:08]}
{[%emt 00:03:55]} 13. Bf3 {[%clk 01:12:43]} {[%emt 00:03:15]} a4 {[%clk
00:54:51]} {[%emt 00:10:47]} 14. Be3 {[%clk 01:07:36]} {[%emt 00:05:36]} Na5
{[%clk 00:53:36]} {[%emt 00:01:45]} 15. Qd3 {[%clk 00:59:11]} {[%emt 00:08:55]}
Rc8 {[%clk 00:43:28]} {[%emt 00:10:38]} 16. c5 {[%clk 00:57:14]} {[%emt
00:02:27]} Nb3 {[%clk 00:38:23]} {[%emt 00:05:35]} 17. Rad1 {[%clk 00:55:30]}
{[%emt 00:02:14]} Nxc5 {[%clk 00:38:07]} {[%emt 00:00:46]} 18. Bxc5 {[%clk
00:55:50]} {[%emt 00:00:10]} Rxc5 {[%clk 00:38:34]} {[%emt 00:00:04]} 19. e5
{[%clk 00:51:17]} {[%emt 00:05:03]} Ne8 {[%clk 00:27:42]} {[%emt 00:11:22]} 20.
Rfe1 {[%clk 00:49:35]} {[%emt 00:02:12]} Qb6 {[%clk 00:23:24]} {[%emt
00:04:47]} 21. Re3 {[%clk 00:46:49]} {[%emt 00:03:16]} Bf5 {[%clk 00:21:11]}
{[%emt 00:02:43]} 22. Be4 {[%clk 00:45:18]} {[%emt 00:02:01]} Bxe4 {[%clk
00:21:31]} {[%emt 00:00:11]} 23. Qxe4 {[%clk 00:43:16]} {[%emt 00:02:31]} Qa7
{[%clk 00:12:19]} {[%emt 00:09:41]} 24. Qd4 {[%clk 00:36:32]} {[%emt 00:07:15]}
dxe5 {[%clk 00:10:16]} {[%emt 00:02:34]} 25. fxe5 {[%clk 00:36:42]} {[%emt
00:00:19]} Nc7 {[%clk 00:08:42]} {[%emt 00:02:04]} 26. Re2 {[%clk 00:26:56]}
{[%emt 00:10:16]} Ne6 {[%clk 00:08:23]} {[%emt 00:00:49]} 27. Qf2 {[%clk
00:27:02]} {[%emt 00:00:24]} Qb8 {[%clk 00:06:48]} {[%emt 00:02:01]} 28. Nd5
{[%clk 00:25:52]} {[%emt 00:01:44]} Kh8 {[%clk 00:05:16]} {[%emt 00:02:03]} 29.
Nb6 {[%clk 00:23:07]} {[%emt 00:03:15]} Rxe5 {[%clk 00:02:37]} {[%emt
00:03:08]} 30. Rxe5 {[%clk 00:23:10]} {[%emt 00:00:27]} Qxe5 {[%clk 00:02:44]}
{[%emt 00:00:23]} 31. Nd7 {[%clk 00:22:41]} {[%emt 00:00:59]} Qh5 {[%clk
00:02:50]} {[%emt 00:00:25]} 32. Rd3 {[%clk 00:20:38]} {[%emt 00:02:32]} Rg8
{[%clk 00:02:38]} {[%emt 00:00:43]} 33. Qxf7 {[%clk 00:19:33]} {[%emt
00:01:34]} Qe2 {[%clk 00:02:49]} {[%emt 00:00:19]} 34. Rd5 {[%clk 00:09:18]}
{[%emt 00:10:45]} Qxc2 {[%clk 00:02:31]} {[%emt 00:00:49]} 35. Qxe6 {[%clk
00:09:43]} {[%emt 00:00:04]} Qc1+ {[%clk 00:02:56]} {[%emt 00:00:06]} 36. Kf2
{[%clk 00:09:58]} {[%emt 00:00:14]} Qf4+ {[%clk 00:03:21]} {[%emt 00:00:05]}
37. Ke2 {[%clk 00:09:13]} {[%emt 00:01:15]} Qc4+ {[%clk 00:03:43]} {[%emt
00:00:09]} 38. Ke1 {[%clk 00:06:39]} {[%emt 00:03:03]} Qc1+ {[%clk 00:04:01]}
{[%emt 00:00:12]} 39. Rd1 {[%clk 00:06:43]} {[%emt 00:00:26]} Qxb2 {[%clk
00:04:21]} {[%emt 00:00:11]} 40. Qxe7 {[%clk 00:06:43]} {[%emt 00:00:29]} Bc3+
{[%clk 00:04:26]} {[%emt 00:00:24]} 41. Kf1 {[%clk 00:05:55]} {[%emt 00:01:19]}
Qb5+ {[%clk 00:04:15]} {[%emt 00:01:15]} 42. Kg1 {[%clk 00:06:10]} {[%emt
00:00:15]} Qb3 {[%clk 00:01:53]} {[%emt 00:02:52]} 43. Rf1 {[%clk 00:05:08]}
{[%emt 00:01:32]} Bd4+ {[%clk 00:15:15]} {[%emt 00:02:07]} 44. Kh1 {[%clk
00:19:52]} {[%emt 00:00:46]} Qc4 {[%clk 00:15:15]} {[%emt 00:00:29]} 45. Rd1
{[%clk 00:18:49]} {[%emt 00:01:35]} Qb3 {[%clk 00:14:33]} {[%emt 00:01:12]} 46.
Qe2 {[%clk 00:18:50]} {[%emt 00:00:28]} Qb2 {[%clk 00:12:55]} {[%emt 00:02:09]}
47. Qg4 {[%clk 00:18:05]} {[%emt 00:01:14]} Re8 {[%clk 00:10:15]} {[%emt
00:03:10]} 48. h3 {[%clk 00:17:17]} {[%emt 00:01:18]} Bg7 {[%clk 00:08:42]}
{[%emt 00:02:04]} 49. Qg3 {[%clk 00:12:00]} {[%emt 00:05:47]} Qb3 {[%clk
00:07:22]} {[%emt 00:01:47]} 50. Rd3 {[%clk 00:12:00]} {[%emt 00:00:33]} Qc4
{[%clk 00:07:22]} {[%emt 00:00:28]} 51. Kh2 {[%clk 00:10:20]} {[%emt 00:02:11]}
Qc6 {[%clk 00:07:34]} {[%emt 00:00:17]} 52. Kh1 {[%clk 00:08:50]} {[%emt
00:02:02]} Bh6 {[%clk 00:06:40]} {[%emt 00:01:24]} 53. Rd1 {[%clk 00:08:01]}
{[%emt 00:02:56]} Qc2 {[%clk 00:06:30]} {[%emt 00:00:41]} 54. Rf1 {[%clk
00:07:55]} {[%emt 00:00:35]} Bg7 {[%clk 00:06:35]} {[%emt 00:00:26]} 55. Rf3
{[%clk 00:05:23]} {[%emt 00:03:02]} Qd1+ {[%clk 00:06:56]} {[%emt 00:00:10]}
56. Kh2 {[%clk 00:05:42]} {[%emt 00:00:11]} Qxd7 {[%clk 00:07:20]} {[%emt
00:00:06]} 57. Rd3 {[%clk 00:05:35]} {[%emt 00:00:36]} Qe6 {[%clk 00:07:36]}
{[%emt 00:00:12]} 58. Qh4 {[%clk 00:05:33]} {[%emt 00:00:34]} Be5+ {[%clk
00:07:53]} {[%emt 00:00:13]} 59. g3 {[%clk 00:05:08]} {[%emt 00:00:55]} Bf6
{[%clk 00:08:07]} {[%emt 00:00:16]} 60. Qg4 {[%clk 00:05:19]} {[%emt 00:00:19]}
Qa2+ {[%emt 00:01:03]} 61. Qxa4 {[%emt 00:00:05]} 0-1

[Event "DEM U10 2023"]
[Site "Willingen GER"]
[Date "2023.06.02"]
[Round "9"]
[White "Gersemann, Karl"]
[Black "Peglau, Paul David"]
[Result "1/2-1/2"]
[Termination "normal"]
[Board "3"]
[WhiteElo "1751"]
[BlackElo "1745"]
[WhiteClock "00:37:14"]
[BlackClock "00:16:45"]
[PlyCount "61"]
[WhiteFideId "34602186"]
[BlackFideId "16290550"]
[EventCountry "GER"]
[EventRounds "11"]
[EventType "swiss"]
[EventDate "2023.05.27"]

1. e4 {[%clk 01:15:47]} {[%emt 00:00:11]} e5 {[%clk 01:15:44]} {[%emt
00:00:17]} 2. Nf3 {[%clk 01:16:07]} {[%emt 00:00:10]} Nc6 {[%clk 01:16:06]}
{[%emt 00:00:08]} 3. Bb5 {[%clk 01:16:11]} {[%emt 00:00:27]} f5 {[%clk
01:16:03]} {[%emt 00:00:32]} 4. d4 {[%clk 01:15:10]} {[%emt 00:01:31]} fxe4
{[%clk 01:16:14]} {[%emt 00:00:20]} 5. Bxc6 {[%clk 01:15:01]} {[%emt 00:00:38]}
dxc6 {[%clk 01:16:27]} {[%emt 00:00:17]} 6. Bg5 {[%clk 01:14:34]} {[%emt
00:00:57]} Be7 {[%clk 01:14:45]} {[%emt 00:02:11]} 7. Bxe7 {[%clk 01:14:56]}
{[%emt 00:00:08]} Nxe7 {[%clk 01:14:16]} {[%emt 00:01:00]} 8. Nxe5 {[%clk
01:14:07]} {[%emt 00:01:17]} Bf5 {[%clk 01:11:58]} {[%emt 00:02:50]} 9. Nc3
{[%clk 01:12:38]} {[%emt 00:01:58]} Nd5 {[%clk 01:09:03]} {[%emt 00:03:26]} 10.
Ne2 {[%clk 01:10:07]} {[%emt 00:03:00]} Qf6 {[%clk 01:02:56]} {[%emt 00:06:38]}
11. Qd2 {[%clk 01:06:46]} {[%emt 00:03:51]} O-O-O {[%clk 01:00:20]} {[%emt
00:03:05]} 12. g4 {[%clk 01:02:08]} {[%emt 00:05:09]} Be6 {[%clk 00:53:31]}
{[%emt 00:07:19]} 13. Ng3 {[%clk 00:53:44]} {[%emt 00:08:54]} Rhf8 {[%clk
00:46:46]} {[%emt 00:07:15]} 14. Nxe4 {[%clk 00:52:08]} {[%emt 00:02:05]} Qf4
{[%clk 00:45:41]} {[%emt 00:01:35]} 15. Qxf4 {[%clk 00:50:10]} {[%emt
00:02:28]} Rxf4 {[%clk 00:45:26]} {[%emt 00:00:47]} 16. f3 {[%clk 00:49:26]}
{[%emt 00:01:13]} Ne3 {[%clk 00:39:37]} {[%emt 00:06:18]} 17. Kd2 {[%clk
00:48:30]} {[%emt 00:01:27]} Nxg4 {[%clk 00:37:46]} {[%emt 00:02:21]} 18. Nxg4
{[%clk 00:46:49]} {[%emt 00:02:10]} Bxg4 {[%clk 00:37:55]} {[%emt 00:00:22]}
19. c3 {[%clk 00:40:48]} {[%emt 00:06:31]} Bxf3 {[%clk 00:35:19]} {[%emt
00:03:06]} 20. Rhf1 {[%clk 00:41:10]} {[%emt 00:00:08]} Rxe4 {[%clk 00:33:50]}
{[%emt 00:03:38]} 21. Rxf3 {[%clk 00:41:34]} {[%emt 00:00:06]} Rh4 {[%clk
00:32:07]} {[%emt 00:02:14]} 22. Rf7 {[%clk 00:39:17]} {[%emt 00:02:47]} Rxh2+
{[%clk 00:31:49]} {[%emt 00:00:49]} 23. Kd3 {[%clk 00:39:41]} {[%emt 00:00:05]}
Rg8 {[%clk 00:29:28]} {[%emt 00:02:50]} 24. b4 {[%clk 00:38:04]} {[%emt
00:02:08]} g5 {[%clk 00:29:20]} {[%emt 00:00:38]} 25. Re1 {[%clk 00:38:28]}
{[%emt 00:00:05]} h5 {[%clk 00:22:55]} {[%emt 00:06:57]} 26. a4 {[%clk
00:37:44]} {[%emt 00:01:13]} Kb8 {[%clk 00:22:08]} {[%emt 00:01:17]} 27. Rg7
{[%clk 00:37:57]} {[%emt 00:00:16]} Rh3+ {[%clk 00:21:25]} {[%emt 00:01:14]}
28. Kc2 {[%clk 00:38:13]} {[%emt 00:00:15]} Rf8 {[%clk 00:20:34]} {[%emt
00:01:21]} 29. Ree7 {[%clk 00:36:54]} {[%emt 00:01:49]} Rc8 {[%clk 00:18:51]}
{[%emt 00:02:12]} 30. Rxg5 {[%clk 00:37:14]} {[%emt 00:00:09]} b6 {[%clk
00:16:45]} {[%emt 00:02:38]} 31. Rh7 {[%emt 00:02:47]} 1/2-1/2

[Event "DEM U10 2023"]
[Site "Willingen GER"]
[Date "2023.06.02"]
[Round "9"]
[White "Sheng, Ming"]
[Black "Pradeep, Harshill"]
[Result "1/2-1/2"]
[Termination "normal"]
[Board "4"]
[WhiteElo "1675"]
[BlackElo "1482"]
[WhiteClock "00:02:27"]
[BlackClock "00:53:29"]
[PlyCount "141"]
[WhiteFideId "34605258"]
[BlackFideId "34629513"]
[EventCountry "GER"]
[EventRounds "11"]
[EventType "swiss"]
[EventDate "2023.05.27"]

1. e4 {[%clk 01:15:59]} d5 {[%clk 01:15:50]} {[%emt 00:00:11]} 2. exd5 {[%clk
01:16:11]} {[%emt 00:00:18]} Nf6 {[%clk 01:16:13]} {[%emt 00:00:07]} 3. d4
{[%clk 01:16:26]} {[%emt 00:00:15]} Bg4 {[%clk 01:16:33]} {[%emt 00:00:10]} 4.
Be2 {[%clk 01:15:52]} {[%emt 00:01:04]} Bxe2 {[%clk 01:16:54]} {[%emt
00:00:08]} 5. Qxe2 {[%clk 01:15:54]} {[%emt 00:00:28]} Qxd5 {[%clk 01:17:15]}
{[%emt 00:00:09]} 6. Nf3 {[%clk 01:16:07]} {[%emt 00:00:17]} e6 {[%clk
01:17:04]} {[%emt 00:00:41]} 7. O-O {[%clk 01:15:42]} {[%emt 00:00:55]} c6
{[%clk 01:17:08]} {[%emt 00:00:27]} 8. Nc3 {[%clk 01:14:25]} {[%emt 00:01:47]}
Qh5 {[%clk 01:17:31]} {[%emt 00:00:07]} 9. Bf4 {[%clk 01:08:00]} {[%emt
00:06:54]} Bb4 {[%clk 01:17:38]} {[%emt 00:00:23]} 10. Ne4 {[%clk 01:06:16]}
{[%emt 00:02:14]} Nxe4 {[%clk 01:16:48]} {[%emt 00:01:20]} 11. Qxe4 {[%clk
01:06:11]} {[%emt 00:00:35]} Be7 {[%clk 01:16:27]} {[%emt 00:00:51]} 12. Rad1
{[%clk 01:03:22]} {[%emt 00:03:19]} O-O {[%clk 01:16:08]} {[%emt 00:00:50]} 13.
Qe5 {[%clk 00:54:53]} {[%emt 00:08:59]} Qxe5 {[%clk 01:13:58]} {[%emt
00:02:38]} 14. dxe5 {[%clk 00:55:06]} {[%emt 00:00:17]} h6 {[%clk 01:13:29]}
{[%emt 00:01:00]} 15. Be3 {[%clk 00:49:56]} {[%emt 00:05:39]} b5 {[%clk
01:06:36]} {[%emt 00:07:24]} 16. Rd2 {[%clk 00:46:54]} {[%emt 00:03:32]} c5
{[%clk 01:00:09]} {[%emt 00:06:57]} 17. c4 {[%clk 00:44:27]} {[%emt 00:02:57]}
a6 {[%clk 00:59:42]} {[%emt 00:00:57]} 18. Rc1 {[%clk 00:43:08]} {[%emt
00:01:48]} Rc8 {[%clk 00:59:21]} {[%emt 00:00:52]} 19. Ne1 {[%clk 00:37:12]}
{[%emt 00:06:27]} Nc6 {[%clk 00:54:16]} {[%emt 00:05:32]} 20. cxb5 {[%clk
00:35:48]} {[%emt 00:04:45]} axb5 {[%clk 00:54:39]} {[%emt 00:00:08]} 21. Bxc5
{[%clk 00:36:03]} {[%emt 00:00:15]} Nxe5 {[%clk 00:54:54]} {[%emt 00:00:15]}
22. Rdc2 {[%clk 00:35:33]} {[%emt 00:00:59]} Bg5 {[%clk 00:53:59]} {[%emt
00:01:26]} 23. Ra1 {[%clk 00:21:23]} {[%emt 00:14:40]} Nc4 {[%clk 00:52:31]}
{[%emt 00:01:58]} 24. Bd4 {[%clk 00:20:35]} {[%emt 00:01:17]} Rd8 {[%clk
00:51:36]} {[%emt 00:01:26]} 25. Bc3 {[%clk 00:19:13]} {[%emt 00:01:51]} Na5
{[%clk 00:49:51]} {[%emt 00:02:16]} 26. Bxa5 {[%clk 00:17:28]} {[%emt
00:02:15]} Rxa5 {[%clk 00:50:13]} {[%emt 00:00:08]} 27. g3 {[%clk 00:12:06]}
{[%emt 00:05:51]} Rda8 {[%clk 00:50:20]} {[%emt 00:00:24]} 28. a3 {[%clk
00:09:37]} {[%emt 00:03:00]} b4 {[%clk 00:50:18]} {[%emt 00:00:32]} 29. h4
{[%clk 00:08:27]} {[%emt 00:01:39]} Bf6 {[%clk 00:50:41]} {[%emt 00:00:07]} 30.
Rac1 {[%clk 00:07:58]} {[%emt 00:00:59]} bxa3 {[%clk 00:50:57]} {[%emt
00:00:14]} 31. bxa3 {[%clk 00:08:08]} {[%emt 00:00:20]} Rxa3 {[%clk 00:51:22]}
{[%emt 00:00:05]} 32. Rc8+ {[%clk 00:08:00]} {[%emt 00:00:38]} Rxc8 {[%clk
00:51:41]} {[%emt 00:00:12]} 33. Rxc8+ {[%clk 00:08:28]} {[%emt 00:00:01]} Kh7
{[%clk 00:52:02]} {[%emt 00:00:08]} 34. Nc2 {[%clk 00:06:18]} {[%emt 00:02:40]}
Rc3 {[%clk 00:51:54]} {[%emt 00:00:39]} 35. Rxc3 {[%clk 00:06:41]} {[%emt
00:00:08]} Bxc3 {[%clk 00:52:18]} {[%emt 00:00:05]} 36. Kg2 {[%clk 00:06:48]}
{[%emt 00:00:22]} g5 {[%clk 00:52:29]} {[%emt 00:00:19]} 37. hxg5 {[%clk
00:06:17]} {[%emt 00:01:02]} hxg5 {[%clk 00:52:52]} {[%emt 00:00:07]} 38. g4
{[%clk 00:06:15]} {[%emt 00:00:32]} Kg6 {[%clk 00:53:00]} {[%emt 00:00:22]} 39.
Kf3 {[%clk 00:03:43]} {[%emt 00:03:01]} f5 {[%clk 00:49:54]} {[%emt 00:03:36]}
40. gxf5+ {[%clk 00:01:50]} {[%emt 00:02:25]} exf5 {[%clk 00:49:39]} {[%emt
00:00:44]} 41. Ne3 {[%clk 00:00:53]} {[%emt 00:01:26]} Bd4 {[%clk 00:48:36]}
{[%emt 00:01:34]} 42. Nc2 {[%clk 00:15:10]} {[%emt 00:01:12]} Be5 {[%clk
01:03:49]} {[%emt 00:00:17]} 43. Ne3 {[%clk 00:13:29]} {[%emt 00:02:12]} Bb8
{[%clk 01:01:16]} {[%emt 00:03:03]} 44. Kg2 {[%clk 00:11:32]} {[%emt 00:02:26]}
Bf4 {[%clk 00:59:48]} {[%emt 00:01:57]} 45. Nd5 {[%clk 00:11:00]} {[%emt
00:01:04]} Kh5 {[%clk 00:58:58]} {[%emt 00:01:20]} 46. Kf3 {[%clk 00:07:03]}
{[%emt 00:04:26]} Be5 {[%clk 00:59:14]} {[%emt 00:00:14]} 47. Ne7 {[%clk
00:06:17]} {[%emt 00:01:16]} g4+ {[%clk 00:59:10]} {[%emt 00:00:35]} 48. Kg2
{[%clk 00:05:30]} {[%emt 00:01:12]} f4 {[%clk 00:58:20]} {[%emt 00:01:23]} 49.
Nd5 {[%clk 00:02:13]} {[%emt 00:03:48]} f3+ {[%clk 00:58:40]} {[%emt 00:00:11]}
50. Kf1 {[%clk 00:02:29]} {[%emt 00:00:13]} Kh4 {[%clk 00:58:38]} {[%emt
00:00:31]} 51. Ne3 {[%clk 00:02:30]} {[%emt 00:00:27]} Kh3 {[%clk 00:58:15]}
{[%emt 00:00:55]} 52. Nf5 {[%clk 00:02:28]} {[%emt 00:00:34]} Bf4 {[%clk
00:57:12]} {[%emt 00:01:30]} 53. Nd4 {[%clk 00:02:29]} {[%emt 00:00:31]} Kh2
{[%clk 00:56:28]} {[%emt 00:01:13]} 54. Nf5 {[%clk 00:01:48]} {[%emt 00:01:14]}
Kh1 {[%clk 00:55:32]} {[%emt 00:01:24]} 55. Nd4 {[%clk 00:01:51]} {[%emt
00:00:25]} Kh2 {[%clk 00:54:59]} {[%emt 00:01:05]} 56. Nf5 {[%clk 00:01:58]}
{[%emt 00:00:24]} Bb8 {[%clk 00:54:42]} {[%emt 00:00:45]} 57. Ne3 {[%clk
00:01:58]} {[%emt 00:00:30]} Kh3 {[%clk 00:55:05]} {[%emt 00:00:08]} 58. Nf5
{[%clk 00:02:14]} {[%emt 00:00:13]} Ba7 {[%clk 00:55:09]} {[%emt 00:00:28]} 59.
Kg1 {[%clk 00:02:06]} {[%emt 00:00:38]} Bb6 {[%clk 00:55:00]} {[%emt 00:00:37]}
60. Kf1 {[%clk 00:01:50]} {[%emt 00:00:48]} Kh2 {[%clk 00:53:29]} {[%emt
00:02:01]} 61. Ng3 {[%clk 00:01:59]} {[%emt 00:00:20]} Bc7 {[%clk 00:52:37]}
{[%emt 00:01:22]} 62. Nf5 {[%clk 00:02:17]} {[%emt 00:00:12]} Bf4 {[%clk
00:52:41]} {[%emt 00:00:25]} 63. Nd4 {[%clk 00:02:36]} {[%emt 00:00:11]} Kh3
{[%clk 00:52:18]} {[%emt 00:00:53]} 64. Nf5 {[%emt 00:00:49]} Bb8 {[%clk
00:52:21]} {[%emt 00:00:09]} 65. Kg1 {[%clk 00:02:30]} {[%emt 00:00:36]} Ba7
{[%clk 00:52:37]} {[%emt 00:00:15]} 66. Kf1 {[%clk 00:02:47]} {[%emt 00:00:13]}
Kh2 {[%clk 00:52:40]} {[%emt 00:00:24]} 67. Ng3 {[%clk 00:02:08]} {[%emt
00:01:11]} Bb8 {[%clk 00:53:05]} {[%emt 00:00:06]} 68. Nf5 {[%clk 00:02:27]}
{[%emt 00:00:10]} Bf4 {[%clk 00:53:29]} {[%emt 00:00:06]} 69. Nd4 {[%emt
00:01:48]} Kh3 70. Nf5 {[%emt 00:00:01]} Kh2 71. Nd4 1/2-1/2